Cinéma : Distribution des films "Camping" - Statistiques

Statistiques générales
  • Ce quiz a été pris 118 fois
  • Le résultat moyen est 7 sur 15
Statistiques - réponses
Hint Réponse % Correct
Patrick Chirac Franck Dubosc
90%
Jacky Pic Claude Brasseur
84%
Sophie Gatineau Mathilde Seigner
77%
Paul Gatineau Antoine Duléry
76%
Laurette Pic Mylène Demongeot
70%
Michel Saint-Josse Gérard Lanvin
53%
José Mendez Abbes Zahmani
46%
Marie-José Chatel Christine Citti
43%
Lui-même Bernard Montiel
41%
Jérôme Chamillard Gérard Jugnot
37%
Vanesse Saint-Josse Armonie Sanders
36%
Gaby Laurent Olmedo
25%
Anno-So Chamillard Michèle Laroque
23%
Aurélie Gatineau 2006/2010 Charlie Barde
17%
Aurélie Gatineau 2016 Eden Ducourant
15%
Aucun quiz correspondant
Distribution des résultats
% des personnes avec chaque résultat
Percentile par nombre de réponses
Votre historique - résultats
Vous n’avez pas pris ce quiz